Csillagok útján bemutatkozik a Via Stellis együttes

Bibliographic Details
Main Authors: Bene, Lívia (Author, Interviewer), Tiboldi, Ákos (Author)
Format: Article
Language:Hungarian
PhysicalDescription:Obr.
ISSN:1335-6534
Subjects:

MARC

LEADER 00000nab a2200000 ar4500
001 vtls009003499
003 SK-MaSNL
005 20260318124824.0
008 070503c2007 xo |||||||| 000 b|hun
015 |a SNBRB2007/05  |2 snkbucl 
038 |a SNKBUCL 
040 |a DSZK  |b slo  |c DSZK  |e AACR2 
041 0 |a hun 
044 |a xo  |c SK 
080 |a 78.071.2:783  |2 1997 
080 |a 783  |2 1997 
100 1 |a Bene, Lívia  |4 ivr  |4 aut  |9 1294348 
245 1 0 |a Csillagok útján  |b bemutatkozik a Via Stellis együttes  |c Bene Lívia, Tiboldi Ákos 
300 |b Obr. 
610 2 7 |a Via Stellis (hudobná skupina)  |2 snkbucl  |9 1294349 
650 0 7 |a cirkevná hudba  |2 snkbucl  |9 1748 
655 7 |a rozhovory  |2 snkbucl  |9 31831 
700 1 |a Tiboldi, Ákos  |4 ive  |4 aut  |9 1294350 
773 0 |t Remény  |g Évf. XVIII, sz. 18 (2007), o. 3  |x 1335-6534 
852 |a SNK  |b KIS3GCP 
852 |a DSZK  |b KIS3GCP 
958 |a HU 
958 |a NT 
999 |c 2575658  |d 2577588